| 000 | 00551nam a2200193Ia 4500 | ||
|---|---|---|---|
| 003 | GCL | ||
| 008 | 140319s9999 xx 000 0 ara d | ||
| 040 |
_aGCL / _cGCL |
||
| 082 | 0 | 4 |
_a962.04 _bم ا |
| 100 | 1 | _aمصطفى النحاس جبر | |
| 245 | 1 | 0 |
_aاوراق محمد فريد / _cمصطفى النحاس جبر |
| 260 |
_a[S.N] : _bالهيئة المصرية العامة للكتاب ، _c1986 |
||
| 300 | _a346 ص | ||
| 490 | _a | ||
| 650 | 0 | 4 | _aمصر |
| 650 | 0 | 4 | _aالتاريخ |
| 650 | 0 | 4 | _aمحمد فريد |
| 942 |
_2ddc _cBK |
||
| 999 |
_c29948 _d29948 |
||